Gramática de la lengua acadia (Record no. 187619)

MARC details
000 -LEADER
campo de control de longitud fija 00981nam a2200265 i 4500
001 - NÚMERO DE CONTROL
campo de control 187619
003 - IDENTIFICADOR DE NÚMERO DE CONTROL
campo de control SpMaBN
005 - FECHA Y HORA DE LA ÚLTIMA TRANSACCIÓN
campo de control 20251120063153.0
008 - DATOS DE LONGITUD FIJA--INFORMACIÓN GENERAL
campo de control de longitud fija 180828s2015 sp |||| | spa d
020 ## - NÚMERO INTERNACIONAL ESTÁNDAR DEL LIBRO
Número Internacional Estándar del Libro 978-84-9946-262-2
080 ## - NÚMERO DE LA CLASIFICACIÓN DECIMAL UNIVERSAL
Número de la Clasificación Decimal Universal 811.411.11'36
100 1# - ENTRADA PRINCIPAL--NOMBRE DE PERSONA
Nombre de persona Martínez Cantalapiedra, José María,
Fechas asociadas al nombre 1944-
9 (RLIN) 165360
245 10 - MENCIÓN DEL TÍTULO
Título Gramática de la lengua acadia
Resto del título : escritura cuneiforme /
Mención de responsabilidad, etc. José María Martínez Cantalapiedra.
250 ## - MENCION DE EDICION
Mención de edición 1ª ed.
260 ## - PUBLICACIÓN, DISTRIBUCIÓN, ETC.
Lugar de publicación, distribución, etc. Madrid :
Nombre del editor, distribuidor, etc. Edición Personal,
Fecha de publicación, distribución, etc. 2015.
300 ## - DESCRIPCIÓN FÍSICA
Extensión 285 p. ;
Dimensiones 30 cm.
504 ## - NOTA DE BIBLIOGRAFÍA, ETC.
Nota de bibliografía, etc. Bibliografía: p. 285.
546 ## - NOTA DE IDIOMA
Nota de lengua/lenguaje Texto en español y acadio.
650 #7 - PUNTO DE ACCESO ADICIONAL DE MATERIA--TÉRMINO DE MATERIA
Término de materia o nombre geográfico como elemento de entrada Lengua acadia-
Subdivisión general Gramática.
9 (RLIN) 165361
852 ## - LOCALIZACIÓN
Ubicación ES-MaACL
Número de control de estantería A-14213
itemnumber 194705
Sublocalización o colección R.151529
Ubicación en estantería Depósito 1
Signatura antigua Olim: N-7213
Donativo/Legado Donación: José María Martínez Cantalapiedra
903 ## - NOMBRE PERSONAL DE DONANTE
a Martínez Cantalapiedra, José María,
d 1944-
e Donante
9 165360
942 ## - ELEMENTOS DE ENTRADA SECUNDARIOS (KOHA)
Fuente del sistema de clasificación o colocación Clasificación decimal universal
Tipo de ítem Koha Libro impreso
Holdings
Estatus retirado Estado de pérdida Fuente del sistema de clasificación o colocación Estado de daño No para préstamo Biblioteca de origen Biblioteca actual Ubicación en estantería Fecha de adquisición Fuente de adquisición Total de préstamos Signatura topográfica completa Código de barras Visto por última vez Precio de reemplazo Tipo de ítem Koha
    Clasificación decimal universal     Biblioteca del Ateneo de Madrid Biblioteca del Ateneo de Madrid Depósito 1 28/08/2018 Donación   A-14213 1199231 23/02/2023 23/02/2023 Libro impreso